Aprathi Kaun ? (Record no. 21460)

MARC details
000 -LEADER
fixed length control field 00378nam a2200145Ia 4500
008 - FIXED-LENGTH DATA ELEMENTS--GENERAL INFORMATION
fixed length control field 211109s9999||||xx |||||||||||||| ||und||
082 ## - DEWEY DECIMAL CLASSIFICATION NUMBER
Classification number 891.433
Item number IND-A
100 ## - MAIN ENTRY--PERSONAL NAME
Personal name Indra, Vidya V
245 #0 - TITLE STATEMENT
Title Aprathi Kaun ?
260 ## - PUBLICATION, DISTRIBUTION, ETC.
Name of publisher, distributor, etc. Raghal And Sons
Place of publication, distribution, etc. Delhi
Date of publication, distribution, etc. 1900
300 ## - PHYSICAL DESCRIPTION
Extent 238p.
630 ## - SUBJECT ADDED ENTRY--UNIFORM TITLE
General subdivision General Stack
650 ## - SUBJECT ADDED ENTRY--TOPICAL TERM
Topical term or geographic name entry element Hindi Literature
942 ## - ADDED ENTRY ELEMENTS (KOHA)
Koha item type BOOK
650 ## - SUBJECT ADDED ENTRY--TOPICAL TERM
Form subdivision Hindi Fiction
General subdivision Generalia
Holdings
Withdrawn status Lost status Damaged status Not for loan Home library Current library Date acquired Cost, normal purchase price Total Checkouts Full call number Barcode Shelving location Date last seen Price effective from Koha item type
        SB LIBRARY SB LIBRARY 09/11/2021 100.00   891.433 IND-A 00022186 GENERAL STACK 09/11/2021 09/11/2021 BOOK

Powered by Koha